00901njm a22002057a 450000500170000000800410001704100080005810000220006624500770008826000150016526000090018026000090018930000130019830000180021150503590022965000150058865000260060365000380062965000280066720220720143328.0190212b xxu||||| |||| 00| 0 spa d aspa aUrbina, Guadalupe aSones de tierra caliente: cancionero tradicional anónimo de Guanacaste aCosta Rica bACAM c2011 a1 CD-ROM a50:19 minutos a1. El pilón. 2. La zopilota. 3. En coche va una niña. 4. El garrobo. 5. Chinto pinto. 6. El desprecio. 7. Dicen que. 8. Las "raíces" del marango. 9. De Guaitil a San Vicente. 10. Santo Cristo Negro. 11. San Jerónimo: entrada y ofertorio. 12. La viuda alegre. 13. Casa bilo. 14. Las coplas de Nacho Galán. 15. Canción de cuna. 16. Perra renca. aCOSTA RICA aMÚSICA FOLCLÓRICA aMÚSICA TRADICIONAL GUANACASTECA aPROVINCIA DE GUANACASTE